000 00645nam a2200217 u 4500
005 20240806063752.0
008 120216s2006 r 000 0 eng d
020 _a9803883127
035 _aUPN01000183448
049 _aCG
050 4 _aPS2604 E8
_bG3.2
100 1 _aPoe, Edgar Allan,
_d1809-1849
_929415
245 1 3 _aLa aventura sin par de un tal Hans Pfaall /
_cEdgar Allan Poe ; tr. Eduardo Gasca.
260 _aCaracas :
_bEl Nacional,
_c2006.
300 _a95 p. :
_bil. col.
440 0 _aArcadia ;
_v38
650 4 _aCuentos estadounidenses
_912811
650 4 _aVIAJES IMAGINARIOS
_94444
905 _aLibro
999 _c155551
_d155551